000 00389nam a2200169Ia 4500
005 20250423094504.0
008 250422s9999 xx 000 0 und d
020 _a4-8337-0210-X
050 _aHB 172 .L72/
100 _aLindsay, Cotoon M.
245 0 _aApplied price theory
260 _aChicago
260 _bThe Dryden Press
260 _c1982
300 _a632 p
942 _cBK
999 _c27388
_d27388